Somiar un país, construir un somni Mancomunitat de Catalunya 100 anys Mancomunitat de Catalunya 100 anys
Descripción Física:
1 disc òptic (DVD) ; color, so
Idioma:
Catalán
MARC
| LEADER | 00000ngm a2200000 a 4500 | ||
|---|---|---|---|
| 007 | co ||aaananaa| | ||
| 008 | 220728b spa||||| |||| 00| 0 cat d | ||
| 080 | |a CD- | ||
| 245 | |a Somiar un país, construir un somni |h [recurs electrònic] : |b Mancomunitat de Catalunya 100 anys | ||
| 260 | |a Barcelona : |b Xarxa Audiovisual Local |c 2014 | ||
| 300 | |a 1 disc òptic (DVD) ; |b color, so | ||
| 500 | |a Durada de la pel·lícula: 56 min | ||
| 500 | |a Realitzada el 2014 | ||
| 500 | |a Direcció: Enric Canals | ||
| 500 | |a Realització: Carles Gené | ||
| 500 | |a Guionistes: Enric Canals, Josep Maria Ràfols, Joan Safont | ||
| 610 | 0 | |9 19438 |a Catalunya. |b Mancomunitat |x Història | |
| 610 | 1 | 0 | |9 53080 |a Catalunya. |b Mancomunitat |x Centenaris |
| 655 | 0 | |a DVD |9 54986 | |
| 700 | 1 | |9 54067 |a Canals, Enric |e director | |
| 700 | 1 | |9 54068 |a Gené, Carles |e realitzador | |
| 710 | 1 | |9 52749 |a Xarxa de Televisions Locals |e productor | |
| 942 | |2 udc |c ARXIU |n 1 | ||
| 952 | |0 0 |1 0 |4 0 |6 CD |7 1 |9 63259 |a Arxiu |b Arxiu |d 2022-07-28 |l 0 |o CD- |p 26372 |r 2022-07-28 00:00:00 |w 2022-07-28 |y ARXIU | ||
| 999 | |c 82510 |d 82510 | ||